000 00308nam a22001337a 4500
008 171030b xxu||||| |||| 00| 0 eng d
020 _a0205524869
041 _aeng
080 _22ND
_a33
100 _a58
101 _aBUS
245 _aBUSINESS AND PROFESSIONAL COMMUNICATION
_cDODD,C.H
942 _2udc
_cBK
999 _c36533
_d36533